000 00566nam a2200169 u 4500
001 000002940
005 20200929150306.0
008 090706s1991 dr r 000 0 spa d
040 _aDO-SdBNP
_bspa
_cBNPHU
082 _axxxx
_bP448c
100 1 _aPerkins, Dexter
_99345
245 1 3 _aLa cuestión de Santo Domingo 1849-1865 /
_cDexter, Perkins.
260 _aSanto Domingo :
_bSociedad Dominicana de Bibliófilos,
_c1991.
300 _a434 p ;
_c23 cm.
590 _aInventariado, 2019/VM
500 _aIncluye referencias bibliográficas y notas al pie de las páginas
999 _c2773
_d2773